[Event "Las Vegas National op"]
[Site "Las Vegas"]
[Date "2006.06.18"]
[Round "5"]
[White "Deng, Kong Liang"]
[Black "Liu, Elliott"]
[Result "1-0"]
[WhiteElo "2423"]
[BlackElo "2162"]
[PlyCount "68"]
[EventDate "2006.06.16"]
[EventType "swiss"]
[EventRounds "6"]
[EventCountry "USA"]
[SourceTitle "CBM 112 Extra"]
[Source "ChessBase"]
[SourceDate "2006.07.14"]
[SourceVersion "1"]
[SourceVersionDate "2006.07.14"]
[SourceQuality "1"]

1. e4 e6 2. b3 c5 3. Bb2 a6 4. c4 Nc6 5. Nf3 b6 6. Be2 Bb7 7. 0-0 d6 8. d4 cxd4 9. Nxd4 Qf6 10. Qd2 Qg6 11. Nc3 Nf6 12. Nxc6 Bxc6 13. Qe3 Rb8 14. Nd5 Nxe4 15. f3 exd5 16. cxd5 Bxd5 17. Rad1 Bc6 18. fxe4 Be7 19. Bxa6 0-0 20. Bd3 f5 21. Bc4+ Kh8 22. Bd5 Bxd5 23. exd5 Bf6 24. Bxf6 Qxf6 25. Rde1 h6 26. Qf2 Qc3 27. Re6 Rf6 28. Rxf6 Qxf6 29. Qxf5 Qxf5 30. Rxf5 Rc8 31. a4 Rc2 32. Rf8+ Kh7 33. Rb8 Rd2 34. Rxb6 Rxd5 1-0

[Event "Las Vegas National op"]
[Site "Las Vegas"]
[Date "2006.06.16"]
[Round "2"]
[White "Kacheishvili, Giorgi"]
[Black "Deng, Kong Liang"]
[Result "1/2-1/2"]
[WhiteElo "2605"]
[BlackElo "2423"]
[PlyCount "89"]
[EventDate "2006.06.16"]
[EventType "swiss"]
[EventRounds "6"]
[EventCountry "USA"]
[SourceTitle "CBM 112 Extra"]
[Source "ChessBase"]
[SourceDate "2006.07.14"]
[SourceVersion "1"]
[SourceVersionDate "2006.07.14"]
[SourceQuality "1"]

1. d4 Nf6 2. c4 g6 3. Nc3 d5 4. Bg5 Bg7 5. Bxf6 Bxf6 6. cxd5 c6 7. Rc1 0-0 8. dxc6 Bxd4 9. c7 Bxc3+ 10. Rxc3 Qxd1+ 11. Kxd1 Nc6 12. e4 Bd7 13. Nf3 Rfc8 14. Bb5 Rxc7 15. Kd2 f6 16. Rhc1 e5 17. Ne1 Rd8 18. Nd3 Be8 19. Ke3 Re7 20. f3 Rd4 21. a3 Kg7 22. Bxc6 Bxc6 23. Nb4 Bb5 24. Rc7 Rxc7 25. Rxc7+ Rd7 26. Rc5 a6 27. b3 Rf7 28. g3 Bd7 29. f4 exf4+ 30. gxf4 Be6 31. Rc3 Re7 32. Kf3 h5 33. Nd3 Bd7 34. Rc4 Bg4+ 35. Ke3 Be6 36. Rb4 Bd5 37. Nc5 Bc6 38. Rd4 a5 39. h4 Kf7 40. b4 axb4 41. axb4 b6 42. Nd3 Re6 43. Ne1 Ke7 44. Nf3 Bb7 45. Rc4 1/2-1/2

[Event "Internet Section 06A g/8'+2\""]
[Site "Dos Hermanas"]
[Date "2004.03.06"]
[Round "7"]
[White "Deng, Kong Liang"]
[Black "Kubo, Tsutumo"]
[Result "1-0"]
[WhiteElo "2433"]
[BlackElo "2211"]
[PlyCount "61"]
[EventDate "2004.03.06"]
[EventType "swiss (blitz)"]
[EventRounds "9"]
[EventCountry "ESP"]
[SourceTitle "CBM 099 Extra"]
[Source "ChessBase"]
[SourceDate "2004.05.04"]
[SourceVersion "1"]
[SourceVersionDate "2004.05.04"]
[SourceQuality "1"]

1. e4 c5 2. Nf3 Nc6 3. Bb5 Qc7 4. 0-0 e6 5. Re1 d6 6. c3 Nf6 7. d4 cxd4 8. cxd4 d5 9. exd5 Nxd5 10. Nc3 Nxc3 11. bxc3 a6 12. Bxc6+ bxc6 13. Ne5 Be7 14. Bf4 Bd6 15. Qg4 0-0 16. Bh6 f6 17. Nc4 Rf7 18. Nxd6 Qxd6 19. Be3 e5 20. Qh5 g6 21. Qh6 Bf5 22. Rad1 Qa3 23. dxe5 fxe5 24. c4 Qxa2 25. Bc5 Qxc4 26. Rxe5 Qc2 27. Rde1 Bd7 28. h4 Raf8 29. R1e2 Qd1+ 30. Kh2 Qa4 31. Bxf8 1-0

[Event "US Open-99"]
[Site "Kailua Kona"]
[Date "1998.08.07"]
[Round "7"]
[White "Salman, Joel"]
[Black "Deng, Kong Liang"]
[Result "0-1"]
[WhiteElo "2250"]
[BlackElo "2415"]
[PlyCount "72"]
[EventDate "1998.08.01"]
[EventType "swiss"]
[EventRounds "9"]
[EventCountry "USA"]
[SourceTitle "EXT 1999"]
[Source "ChessBase"]
[SourceDate "1998.11.16"]
[SourceVersion "1"]
[SourceVersionDate "1998.11.16"]
[SourceQuality "1"]

1. d4 f5 2. g3 Nf6 3. Bg2 g6 4. Nh3 Bg7 5. c4 0-0 6. Nc3 Nc6 7. 0-0 d6 8. d5 Ne5 9. b3 c5 10. Bd2 a6 11. a4 b6 12. Qc2 Rb8 13. Nf4 Ne8 14. Rae1 Nc7 15. Nd3 Nf7 16. e4 e5 17. f4 b5 18. axb5 axb5 19. fxe5 Nxe5 20. Nxe5 Bxe5 21. Bh6 Rf7 22. exf5 Bxf5 23. Qd2 bxc4 24. bxc4 Ne8 25. Nb5 Nf6 26. Bf4 Bxf4 27. Qxf4 Rb6 28. Qe3 Bd7 29. Nc3 Rb3 30. Qc1 Bf5 31. Ne4 Bxe4 32. Bxe4 Kg7 33. Bg2 Qa5 34. Re6 Qa2 35. Qe1 Rb2 36. Rexf6 Rxg2+ 0-1

[Event "US Masters op"]
[Site "Hawaii"]
[Date "1998.07.29"]
[Round "9"]
[White "Ashley, Maurice"]
[Black "Deng, Kong Liang"]
[Result "1-0"]
[WhiteElo "2490"]
[BlackElo "2415"]
[PlyCount "37"]
[EventDate "1998.07.??"]
[EventType "swiss"]
[EventRounds "9"]
[EventCountry "USA"]
[SourceTitle "EXT 1999"]
[Source "ChessBase"]
[SourceDate "1998.11.16"]
[SourceVersion "1"]
[SourceVersionDate "1998.11.16"]
[SourceQuality "1"]

1. e4 g6 2. d4 c6 3. c4 d5 4. cxd5 cxd5 5. exd5 Nf6 6. Bb5+ Nbd7 7. Nc3 Bg7 8. d6 e6 9. d5 e5 10. Nf3 0-0 11. 0-0 Ne8 12. Re1 f6 13. Ne4 Nb6 14. Be3 Nxd6 15. Nxd6 Qxd6 16. Rc1 Qxd5 17. Bc4 Qxc4 18. Rxc4 Nxc4 19. Qd5+ 1-0

[Event "US Masters op"]
[Site "Hawaii"]
[Date "1998.07.26"]
[Round "6"]
[White "Deng, Kong Liang"]
[Black "Martinez, Marcel"]
[Result "0-1"]
[WhiteElo "2415"]
[BlackElo "2270"]
[PlyCount "92"]
[EventDate "1998.07.??"]
[EventType "swiss"]
[EventRounds "9"]
[EventCountry "USA"]
[SourceTitle "EXT 1999"]
[Source "ChessBase"]
[SourceDate "1998.11.16"]
[SourceVersion "1"]
[SourceVersionDate "1998.11.16"]
[SourceQuality "1"]

1. c4 g6 2. Nc3 Bg7 3. g3 Nf6 4. Bg2 0-0 5. e4 c5 6. Nge2 Nc6 7. 0-0 d6 8. d3 Nd4 9. Nxd4 cxd4 10. Ne2 Nd7 11. b4 a5 12. Bb2 Qb6 13. a3 e5 14. Rb1 Nf6 15. h3 Bd7 16. f4 axb4 17. axb4 Ra4 18. b5 Rfa8 19. Kh1 Bc8 20. Qe1 Qc7 21. g4 Nd7 22. Qg3 Nc5 23. fxe5 Bxe5 24. Qf3 Ne6 25. Qf2 Ra2 26. Nc1 R2a4 27. Nb3 Ra2 28. Qg1 Qb6 29. Nc1 R2a4 30. Qf2 Qc7 31. Bf3 Qe7 32. Bd1 R4a7 33. Ne2 Bd7 34. Kg2 Qf8 35. Bb3 Qg7 36. Bc1 Nc5 37. Qf3 Be6 38. Rf2 f5 39. exf5 gxf5 40. g5 Ra1 41. Rxa1 Rxa1 42. Bd1 Rxc1 43. Nxc1 Qxg5+ 44. Kh1 Qxc1 45. Rg2+ Kf8 46. Rc2 Qe3 0-1

[Event "US Masters op"]
[Site "Hawaii"]
[Date "1998.07.25"]
[Round "5"]
[White "Gulko, Boris F"]
[Black "Deng, Kong Liang"]
[Result "1-0"]
[WhiteElo "2585"]
[BlackElo "2415"]
[PlyCount "73"]
[EventDate "1998.07.??"]
[EventType "swiss"]
[EventRounds "9"]
[EventCountry "USA"]
[SourceTitle "EXT 1999"]
[Source "ChessBase"]
[SourceDate "1998.11.16"]
[SourceVersion "1"]
[SourceVersionDate "1998.11.16"]
[SourceQuality "1"]

1. d4 f5 2. Nc3 d5 3. Bg5 c6 4. e3 Qb6 5. Na4 Qa5+ 6. c3 Nd7 7. b4 Qc7 8. Nc5 Nxc5 9. Bf4 Qd8 10. bxc5 Qa5 11. Qb3 Nf6 12. Bd3 e6 13. Ne2 Nd7 14. 0-0 b6 15. Bc7 Ba6 16. c4 Rc8 17. cxb6 axb6 18. Bg3 Kf7 19. f3 dxc4 20. Bxc4 Bxc4 21. Qxc4 Qd2 22. Nf4 Qxe3+ 23. Kh1 b5 24. Qc2 Bb4 25. Rab1 Qc3 26. Qe2 Rhe8 27. Be1 Qxd4 28. Rxb4 Qd6 29. Nd3 Ra8 30. Bc3 e5 31. Re1 Ra3 32. Rd4 Qe6 33. Rxd7+ Qxd7 34. Nxe5+ Kg8 35. Nxd7 Rxe2 36. Rxe2 Rxc3 37. Kg1 1-0

[Event "Hawaii op"]
[Site "Honolulu"]
[Date "1997.??.??"]
[Round "?"]
[White "Atalik, Suat"]
[Black "Deng, Kong Liang"]
[Result "1-0"]
[WhiteElo "2555"]
[BlackElo "2425"]
[PlyCount "54"]
[EventDate "1997.04.??"]
[EventType "swiss"]
[EventRounds "11"]
[EventCountry "USA"]
[SourceTitle "EXT 1998"]
[Source "ChessBase"]
[SourceDate "1997.11.17"]
[SourceVersion "1"]
[SourceVersionDate "1997.11.17"]
[SourceQuality "1"]

1. d4 f5 2. Bg5 h6 3. Bh4 g5 4. e3 Nf6 5. Bg3 d6 6. h4 Rg8 7. hxg5 hxg5 8. Nc3 e6 9. Bc4 Qe7 10. Qe2 a6 11. a4 Nc6 12. Nf3 Nd8 13. Nd2 Nf7 14. f3 Rh8 15. 0-0-0 Bd7 16. Rxh8 Nxh8 17. e4 Nh5 18. Bh2 f4 19. Nb3 Bg7 20. Qd3 Kf8 21. a5 Bc8 22. Nd2 b5 23. axb6 cxb6 24. e5 d5 25. Nxd5 exd5 26. Bxd5 Rb8 27. Qh7 Qe8 1-0

[Event "Hawaii op"]
[Site "Honolulu"]
[Date "1997.??.??"]
[Round "1"]
[White "Deng, Kong Liang"]
[Black "Au, Leslie"]
[Result "1-0"]
[WhiteElo "2425"]
[BlackElo "2270"]
[PlyCount "83"]
[EventDate "1997.04.??"]
[EventType "swiss"]
[EventRounds "11"]
[EventCountry "USA"]
[SourceTitle "EXT 1998"]
[Source "ChessBase"]
[SourceDate "1997.11.17"]
[SourceVersion "1"]
[SourceVersionDate "1997.11.17"]
[SourceQuality "1"]

1. Nf3 Nf6 2. g3 g6 3. Bg2 Bg7 4. 0-0 0-0 5. c4 d6 6. Nc3 c6 7. d4 Nbd7 8. e4 e5 9. b3 Qb6 10. d5 Nc5 11. Qc2 a5 12. h3 Bd7 13. Be3 cxd5 14. cxd5 Rac8 15. Nd2 Qa6 16. Rfc1 b5 17. a3 Qb7 18. Qb1 Nh5 19. b4 axb4 20. axb4 Na6 21. Nb3 Rc4 22. Na5 Qc8 23. Nxc4 bxc4 24. Kh2 f5 25. Na4 Bb5 26. Nb6 Qd8 27. Nxc4 f4 28. Bd2 Bh6 29. g4 Nf6 30. f3 Bg5 31. Ra5 Nc7 32. Qc2 Nfe8 33. Na3 Bd7 34. Ra7 Na8 35. b5 Rf7 36. Ba5 Qb8 37. Rxd7 Rxd7 38. Qc8 Rb7 39. Qe6+ Kg7 40. Rc8 Qa7 41. Qxe8 Be7 42. g5 1-0

[Event "Hawaii op"]
[Site "Honolulu"]
[Date "1997.??.??"]
[Round "?"]
[White "Deng, Kong Liang"]
[Black "Nakamura, Asuka"]
[Result "1-0"]
[WhiteElo "2425"]
[BlackElo "2155"]
[PlyCount "67"]
[EventDate "1997.04.??"]
[EventType "swiss"]
[EventRounds "11"]
[EventCountry "USA"]
[SourceTitle "EXT 1998"]
[Source "ChessBase"]
[SourceDate "1997.11.17"]
[SourceVersion "1"]
[SourceVersionDate "1997.11.17"]
[SourceQuality "1"]

1. c4 Nf6 2. Nc3 g6 3. e4 d6 4. d4 Bg7 5. Bg5 0-0 6. Qd2 Nc6 7. d5 Ne5 8. f4 Ned7 9. Bd3 h6 10. Bh4 e5 11. dxe6 fxe6 12. Nf3 e5 13. f5 gxf5 14. exf5 e4 15. Bxe4 Re8 16. 0-0 Nc5 17. Bd5+ Kh8 18. b4 Na6 19. a3 c6 20. Be6 Bxe6 21. fxe6 Qb6+ 22. c5 Nxc5 23. bxc5 Qxc5+ 24. Kh1 Ng4 25. Rac1 Rxe6 26. Ne2 Qxa3 27. Nf4 Ree8 28. Ng6+ Kh7 29. Qc2 Nf6 30. Bxf6 Bxf6 31. Nf8+ Kg7 32. Qh7+ Kxf8 33. Ng5 Re7 34. Qh8# 1-0

[Event "Greenhills op"]
[Site "Greenhills"]
[Date "1989.??.??"]
[Round "?"]
[White "Deng, Kong Liang"]
[Black "Chiong Zacarias, Romero Luis"]
[Result "1-0"]
[WhiteElo "2370"]
[BlackElo "2380"]
[PlyCount "61"]
[EventDate "1989.07.??"]
[EventType "swiss"]
[EventRounds "12"]
[EventCountry "PHI"]
[SourceTitle "EXT 2010"]
[Source "ChessBase"]
[SourceDate "2010.11.25"]
[SourceVersion "1"]
[SourceVersionDate "2010.11.25"]
[SourceQuality "1"]

1. d4 c5 2. d5 Nf6 3. c4 g6 4. Nc3 Bg7 5. e4 d6 6. Bg5 0-0 7. Qd2 e6 8. Be2 exd5 9. exd5 Re8 10. Nf3 Qb6 11. 0-0 Bg4 12. h3 Bxf3 13. Bxf3 Nbd7 14. Rab1 a6 15. Rfc1 h5 16. b4 Qc7 17. Na4 b6 18. bxc5 bxc5 19. Qc2 Nh7 20. Be3 Rxe3 21. fxe3 Bh6 22. Kh1 Bxe3 23. Re1 Bg5 24. Nc3 Ne5 25. Rxe5 dxe5 26. d6 Qd8 27. Bxa8 Qxa8 28. Qe4 Qd8 29. Qc6 Qa5 30. Qe8+ Nf8 31. Rb7 1-0

[Event "CHN-chT"]
[Site "China"]
[Date "1987.??.??"]
[Round "?"]
[White "Lin, Ta"]
[Black "Deng, Kong Liang"]
[Result "1-0"]
[WhiteElo "2380"]
[BlackElo "2245"]
[PlyCount "70"]
[EventDate "1987.??.??"]
[EventType "team"]
[EventRounds "9"]
[EventCountry "CHN"]
[SourceTitle "EXT 1997"]
[Source "ChessBase"]
[SourceDate "1996.11.15"]
[SourceVersion "1"]
[SourceVersionDate "1996.11.15"]
[SourceQuality "1"]

1. d4 Nf6 2. c4 g6 3. g3 Bg7 4. Bg2 d5 5. cxd5 Nxd5 6. e4 Nb6 7. Ne2 0-0 8. 0-0 e5 9. d5 c6 10. Nec3 cxd5 11. exd5 Na6 12. Na3 Bd7 13. Be3 f5 14. Qd2 Qf6 15. Bg5 Qd6 16. Rfd1 Rac8 17. Ncb5 Bxb5 18. Nxb5 Qd7 19. Nxa7 Ra8 20. Qa5 Nc4 21. Qb5 Qxb5 22. Nxb5 Nxb2 23. Rd2 e4 24. Rb1 Nd3 25. f3 Nac5 26. fxe4 fxe4 27. Be3 Rfd8 28. Nc7 Ra4 29. Ne6 Rxd5 30. Nxc5 Rxc5 31. Rxd3 exd3 32. Bxc5 d2 33. Rd1 Bh6 34. Kf2 Ra5 35. Be3 Rf5+ 1-0